Statistics for MLB trivia

Click here to take the quiz!

General Stats

  • This quiz has been taken 107 times
  • The average score is 4 of 5

Answer Stats

QuestionAnswer% Correct
Who holds the record ^Barry Bonds
86%
Most Strikeouts as pitcherNolan Ryan
85%
Most hits?Pete Rose
80%
Most Homeruns in a season73
74%
Most strikeouts as a batterReggie Jackson
65%

Score Distribution

Percentile by Number Answered

Percent of People with Each Score

Your Score History

You have not taken this quiz